Filmy Christophera Nolana - Statystyki

Ogólne statystyki
  • Ten quiz został rozwiązany 6 323 razy
    4 031 od ostatniego zresetowania
  • Średni wynik to 6 z 12
Statystyki odpowiedzi
Rok produkcji Opis Film % Poprawnych
2023 Film opowiada historię twórcy bomby atomowej Oppenheimer
95%
2014 Aby ocalić ludzkość, astronauta musi podróżować przez tunel czasoprzestrzenny Interstellar
77%
2008 Zamaskowana postać staje twarzą w twarz ze swoim największym wrogiem Mroczny Rycerz
72%
2010 Mężczyzna opracował sposób wchodzenia w ludzkie sny Incepcja
70%
2017 Historia ewakuacji Brytyjczyków z 1940 roku Dunkierka
65%
2005 Pewien miliarder musi ochronić miasto Gotham przed przestępcami Batman: Początek
52%
2012 Miasto Gotham musi zostać uratowane przed złoczyńcą o imieniu Bane Mroczny Rycerz powstaje
49%
2020 Aby uratować świat, protagonista musi cofnąć się w czasie Tenet
46%
2006 Dwóch magów walczy o dominację z pomocą dziwnego urządzenia Nikoli Tesli Prestiż
36%
2000 Mężczyzna bez pamięci długotrwałej używa zdjęć polaroidowych, aby odnaleźć zabójcę swojej żony Memento
33%
2002 Śledztwo w rybackiej wiosce zostaje zakłócone przez słońce Bezsenność
15%
1998 Pisarz śledzący nieznajomych na ulicach Londynu zostaje wciągnięty w świat zbrodni Śledząc
12%
Nie znaleziono quizów pasujących do podanych kryteriów
Rozkład punktacji
Procent ludzi z każdym wynikiem
Percentyl według liczby udzielonych odpowiedzi
Twoja historia wyników
Nie rozwiązałeś tego quizu od ostatniego zresetowania